ბათუმის შოთა რუსთაველის სახელმწიფო უნივერსიტეტის ბიბლიოთეკა

სუბტროპიკული მცენარეული ნედლეულის შენახვა და გადამუშავება. (ბიბ.ჩანაწერი № 44713)

000 -LEADER
fixed length control field 01111nam a2200229Ia 4500
001 - CONTROL NUMBER
control field 11518
003 - CONTROL NUMBER IDENTIFIER
control field GE_BSU
008 - FIXED-LENGTH DATA ELEMENTS--GENERAL INFORMATION
fixed length control field 181216s||||||||xx |||||||||||||| ||und||
040 ## - CATALOGING SOURCE
Transcribing agency GE_BSU
080 ## - UNIVERSAL DECIMAL CLASSIFICATION NUMBER
Universal Decimal Classification number 633/635(213.2):631
100 ## - MAIN ENTRY--PERSONAL NAME
Personal name კობახიძე,შ.
245 ## - TITLE STATEMENT
Title სუბტროპიკული მცენარეული ნედლეულის შენახვა და გადამუშავება.
245 ## - TITLE STATEMENT
Remainder of title სახელმძღვ.სუბტროპიკული მეურნეობის ინ–ტის სტუდენტებისათვის.
245 ## - TITLE STATEMENT
Statement of responsibility, etc. რედ:ა.ბედია;გარეკანის მხატვარი:ი.მჭედლიშვილი.
260 ## - PUBLICATION, DISTRIBUTION, ETC.
Place of publication, distribution, etc. თბილისი.
260 ## - PUBLICATION, DISTRIBUTION, ETC.
Name of publisher, distributor, etc. განათლება.
260 ## - PUBLICATION, DISTRIBUTION, ETC.
Date of publication, distribution, etc. 1969.
300 ## - PHYSICAL DESCRIPTION
Extent 340გვ;22სმ.
300 ## - PHYSICAL DESCRIPTION
Accompanying material ილ.
653 ## - INDEX TERM--UNCONTROLLED
Uncontrolled term სუბტროპიკული მცენარეული ნედლეულის შენახვა და გადამუშავება.
942 ## - ADDED ENTRY ELEMENTS (KOHA)
Koha item type წიგნი
ეგზემპლარები
Withdrawn status Lost status Damaged status Not for loan Date acquired Barcode Date last seen Price effective from Koha item type
        2018-12-17 20012 2018-12-17 2018-12-17 წიგნი
        2018-12-17 20013 2018-12-17 2018-12-17 წიგნი
        2018-12-17 20014 2018-12-17 2018-12-17 წიგნი
        2018-12-17 20015 2018-12-17 2018-12-17 წიგნი
        2018-12-17 20016 2018-12-17 2018-12-17 წიგნი
        2018-12-17 20017 2018-12-17 2018-12-17 წიგნი
        2018-12-17 20018 2018-12-17 2018-12-17 წიგნი
        2018-12-17 20019 2018-12-17 2018-12-17 წიგნი
        2018-12-17 20020 2018-12-17 2018-12-17 წიგნი
        2018-12-17 20021 2018-12-17 2018-12-17 წიგნი
        2018-12-17 20022 2018-12-17 2018-12-17 წიგნი
        2018-12-17 20023 2018-12-17 2018-12-17 წიგნი
        2018-12-17 20030 2018-12-17 2018-12-17 წიგნი
        2018-12-17 20031 2018-12-17 2018-12-17 წიგნი
        2018-12-17 20032 2018-12-17 2018-12-17 წიგნი
        2018-12-17 20033 2018-12-17 2018-12-17 წიგნი
        2018-12-17 20034 2018-12-17 2018-12-17 წიგნი
        2018-12-17 20035 2018-12-17 2018-12-17 წიგნი
        2018-12-17 20036 2018-12-17 2018-12-17 წიგნი
        2018-12-17 20037 2018-12-17 2018-12-17 წიგნი
        2018-12-17 20038 2018-12-17 2018-12-17 წიგნი
        2018-12-17 20039 2018-12-17 2018-12-17 წიგნი
        2018-12-17 20040 2018-12-17 2018-12-17 წიგნი
        2018-12-17 20041 2018-12-17 2018-12-17 წიგნი
        2018-12-17 20042 2018-12-17 2018-12-17 წიგნი
        2018-12-17 20043 2018-12-17 2018-12-17 წიგნი
        2018-12-17 20044 2018-12-17 2018-12-17 წიგნი
        2018-12-17 20045 2018-12-17 2018-12-17 წიგნი
        2018-12-17 20024 2018-12-17 2018-12-17 წიგნი
        2018-12-17 20025 2018-12-17 2018-12-17 წიგნი
        2018-12-17 20026 2018-12-17 2018-12-17 წიგნი
        2018-12-17 20027 2018-12-17 2018-12-17 წიგნი
        2018-12-17 20028 2018-12-17 2018-12-17 წიგნი
        2018-12-17 20029 2018-12-17 2018-12-17 წიგნი